| 000 | 00833cam a2200253u 4500 | ||
|---|---|---|---|
| 001 | 23922 | ||
| 003 | BD-RjUL | ||
| 005 | 20211209001003.0 | ||
| 008 | 140312s1900 nyucfh 000 0 eng d | ||
| 035 | _a(BD-RjUL)23987) | ||
| 040 |
_aDLC _cCarP _dDLC _dBD-RjUL _beng |
||
| 041 | _aeng | ||
| 082 | 0 | 0 |
_bORA 1900 _a825.50809206927 |
| 245 | 0 | 0 |
_aOrations of British orators : _cedited by Julian Hawthorne _nV-2 _b including biographical and critical sketches / |
| 250 | _aRev ed. | ||
| 260 |
_aNew York : _bThe Colonial press, _cc1900 |
||
| 300 |
_aiv,449p. : _bfronts. (ports.) plates, facsims. ; _c24 cm. |
||
| 650 | 0 |
_aSpeeches, addresses, etc., English. _915724 |
|
| 650 | 0 |
_aOrators _zGreat Britain _xBiography. _973660 |
|
| 700 | 1 |
_aHawthorne, Julian _973661 |
|
| 942 |
_2ddc _cBK |
||
| 999 |
_c23922 _d23922 |
||